Description bancale #1 - Statistiques

Statistiques générales
  • Ce quiz a été pris 174 fois
  • Le résultat moyen est 14 sur 15
Statistiques - réponses
Hint Réponse % Correct
C’est un truc qui tourne autour de la Terre et qui brille la nuit. La Lune
100%
C’est un jeu où des gens courent après un ballon, mais personne ne peut l’attraper avec les mains sauf un gars spécial. Le football
99%
C’est un animal rayé qui ressemble à un cheval, mais en pyjama. Le zèbre
99%
C’est un endroit où on met plein de livres, mais tu ne peux pas les garder pour toujours. Une bibliothèque
98%
C’est un truc qui vit sous la terre, qui est gluant et qui n’a pas d’yeux, mais les oiseaux l’aiment bien. Un ver de terre
98%
C’est un gars habillé en rouge qui ne travaille qu’un jour par an et qui a plein de rennes. Le Père Noël
97%
C’est une planète rouge où on aimerait bien aller, mais pour l’instant on envoie juste des robots Mars
96%
C’est un pays où tout le monde mange des pâtes et parle avec les mains. L'Italie
94%
C’est une chose collante qu’on mâche tout le temps mais qu’on ne mange jamais vraiment. Un chewing-gum
93%
C’est un truc brillant qu’on met au doigt pour dire qu’on aime quelqu’un (ou qu’on est riche). Une bague
93%
C’est une chanson que tout le monde chante en même temps chaque année pour quelqu’un, même si on chante faux. Joyeux anniversaire
88%
C’est un truc qu’on mange qui ressemble à un petit arbre vert. Le brocoli
86%
C’est un animal géant qu’on ne voit plus que dans les livres ou les musées et qui faisait rawr. Un dinosaure
86%
C’est une construction très haute qu’on ne peut pas grimper, sauf si on est Spider-Man ou si on prend des escaliers interminables. Un gratte-ciel
85%
C’est un truc qui vole mais qui n’est pas vivant, et parfois ça fait peur dans le ciel. Un avion
84%
Aucun quiz correspondant
Distribution des résultats
% des personnes avec chaque résultat
Percentile par nombre de réponses
Votre historique - résultats
Vous n’avez pas pris ce quiz